Catálogo
 En Linea

La vida es sueño; : (Registro nro. 19881)

Detalles MARC
000 -CABECERA
campo de control de longitud fija 01105nam a2200253 a 4500
001 - NÚMERO DE CONTROL
campo de control 000020377
005 - FECHA Y HORA DE LA ÚLTIMA TRANSACCIÓN
campo de control 20250307073710.0
008 - DATOS DE LONGITUD FIJA--INFORMACIÓN GENERAL
campo de control de longitud fija 101014s1939 ag 000 0 spa d
040 ## - FUENTE DE LA CATALOGACIÓN
Centro catalogador/agencia de origen DO-SdBNP
Lengua de catalogación spa
Centro/agencia transcriptor BNPHU
082 ## - NÚMERO DE LA CLASIFICACIÓN DECIMAL DEWEY
Número de clasificación xxxx
Número de documento/Ítem xxx
049 ## - FONDOS LOCALES (OCLC)
Fondos de biblioteca BNPD
100 1# - ENTRADA PRINCIPAL--NOMBRE DE PERSONA
Nombre de persona Carderón de la Barca, Pedro
Fechas asociadas al nombre 1600-1681
9 (RLIN) 43040
245 13 - MENCIÓN DE TÍTULO
Título La vida es sueño; :
Resto del título El alcalde de Zalamea ; El mágico prodigioso /
Mención de responsabilidad, etc. Pedro Carderón de la Barca ; publicadas bajo la dirección de Pedro Henríquez Ureña.
250 ## - MENCIÓN DE EDICIÓN
Mención de edición 3a. ed.
260 ## - PUBLICACIÓN, DISTRIBUCIÓN, ETC.
Lugar de publicación, distribución, etc. Buenos Aires, Argentina :
Nombre del editor, distribuidor, etc. Editorial Losada,
Fecha de publicación, distribución, etc. 1939.
300 ## - DESCRIPCIÓN FÍSICA
Extensión 263 p. ;
Dimensiones 22 cm.
490 1# - MENCIÓN DE SERIE
Mención de serie Las cien obras maestras de la literatura y del pensamiento universal
Designación de volumen o secuencia 13
505 0# - NOTA DE CONTENIDO CON FORMATO
Nota de contenido con formato La vida es sueño --
Título El alcalde de Zalamea --
-- El mágico prodigioso
563 ## - NOTA DE ENCUADERNACIÓN
Nota de encuadernación Varias obras encuadernadas juntas con paginación continuas
700 12 - PUNTO DE ACCESO ADICIONAL--NOMBRE DE PERSONA
Nombre de persona Henríquez Ureña, Pedro,
Fechas asociadas al nombre 1884-1946
Término indicativo de función/relación Publicación
9 (RLIN) 1718
740 2# - PUNTO DE ACCESO ADICIONAL--TÍTULO RELACIONADO O ANALÍTICO NO CONTROLADO
Título relacionado o analítico no controlado El alcalde de Zalamea
740 2# - PUNTO DE ACCESO ADICIONAL--TÍTULO RELACIONADO O ANALÍTICO NO CONTROLADO
Título relacionado o analítico no controlado El mágico prodigioso
830 #0 - PUNTO DE ACCESO ADICIONAL DE SERIE-TÍTULO UNIFORME
Título uniforme Las cien obras maestras de la literatura y del pensamiento universal
Número de parte o sección de la obra 13
9 (RLIN) 43041
Existencias
Estado de retiro Estado de pérdida Restricciones de uso No para préstamo Código de colección Localización permanente Ubicación/localización actual Ubicación en estantería Fecha de adquisición Número de inventario Total de préstamos Signatura topográfica completa Código de barras Fecha visto por última vez Precio válido a partir de Tipo de ítem Koha
      Excluido de préstamo Monografías: Libros y Folletos General General En catalogación 10.05.2017 LF1   xxxx xxx 20377-10 25.06.2020 25.06.2020 No se presta

Con tecnología Koha